000 00330nam a2200157Ia 4500
100 _aSelwood/P.W
650 _aChemistry
942 _cBK
654 _achemistry
245 _aGeneral Chemistry
260 _bCharles & Merill Books
_aNewyork
_c1959
082 _a540
_bSel
300 _a660
546 _aENGLISH
999 _c23001
_d23001